| 000 | 00559nam a2200193Ia 4500 | ||
|---|---|---|---|
| 001 | 14613 | ||
| 003 | GE_BSU | ||
| 008 | 181216s||||||||xx |||||||||||||| ||und|| | ||
| 040 | _cGE_BSU | ||
| 080 | _a821.353.1-22 | ||
| 100 | _aდადიანი,შალვა | ||
| 245 | _aგუშინდელნი. კომედია 3 მოქმედებად | ||
| 260 | _aთბილისი | ||
| 260 | _bხელოვნება | ||
| 260 | _c1948 | ||
| 300 | _a55გვ.20სმ. | ||
| 653 | _aგუშინდელნი. | ||
| 942 | _cBK | ||
| 999 |
_c47742 _d47742 |
||